Complete the Book Title... With a Picture Quiz Stats

 Plays Quiz Updated Jun 12, 2017

Support Sporcle.
Go Orange.
Score 0/20 Timer 05:00
0 Plays Today
% Correct
The Cat in the HAT
94.6%
James and the Giant
PEACH
94.4%
The Merchant of VENICE
91.8%
Oliver TWIST
91.2%
Harry Potter and the
PRISONER of Azkaban
90.9%
MOBY Dick; or, The Whale
90.7%
Fear and Loathing
in LAS VEGAS
90.2%
The Adventures of
TOM Sawyer
88.5%
Go Tell It on
the MOUNTAIN
88.3%
A Passage to INDIA
86.8%
% Correct
A CLOCKWORK Orange
86.3%
The Golden COMPASS
85.5%
Are You There God?
It's Me, MARGARET.
85.4%
The CIDER House Rules
83.1%
To the LIGHTHOUSE
80.5%
On the ROAD
80.3%
Death on the NILE
80.3%
A Portrait of the ARTIST
as a Young Man
80.1%
A Connecticut YANKEE
in King Arthur's Court
79.1%
The Heart Is
a Lonely HUNTER
62.3%

You're not logged in!

Compare scores with friends on all Sporcle quizzes.
OR
Log In
Forgot?

From the Vault

Remove Ads.
Support Sporcle.
Get the best of Sporcle when you Go Orange. This ad-free experience offers more features, more stats, and more fun while also helping to support Sporcle. Thank you for becoming a member.

Show Comments

Extras

Top Quizzes Today


Score Distribution

Your Account Isn't Verified!

In order to create a playlist on Sporcle, you need to verify the email address you used during registration. Go to your Sporcle Settings to finish the process.

Report this User

Report this user for behavior that violates our Community Guidelines.

Details: